<?xml version="1.0" encoding="UTF-8"?>
<record
    xmlns:xsi="http://www.w3.org/2001/XMLSchema-instance"
    xsi:schemaLocation="http://www.loc.gov/MARC21/slim http://www.loc.gov/standards/marcxml/schema/MARC21slim.xsd"
    xmlns="http://www.loc.gov/MARC21/slim">

  <leader>02142cam a2200301 i 4500</leader>
  <controlfield tag="001">17409019</controlfield>
  <controlfield tag="005">20150121143407.0</controlfield>
  <controlfield tag="008">120730s2013    xxka   frbd  f001 0 eng d</controlfield>
  <datafield tag="010" ind1=" " ind2=" ">
    <subfield code="a">2012030785</subfield>
  </datafield>
  <datafield tag="020" ind1=" " ind2=" ">
    <subfield code="a">9780521877862</subfield>
  </datafield>
  <datafield tag="040" ind1=" " ind2=" ">
    <subfield code="a">DLC</subfield>
    <subfield code="b">eng</subfield>
    <subfield code="c">DLC</subfield>
    <subfield code="d">DLC</subfield>
    <subfield code="d">EG-ScBUE</subfield>
  </datafield>
  <datafield tag="082" ind1="0" ind2="0">
    <subfield code="a">621.3824</subfield>
    <subfield code="2">22</subfield>
    <subfield code="b">FUJ</subfield>
  </datafield>
  <datafield tag="100" ind1="1" ind2=" ">
    <subfield code="a">Fujimoto, K.</subfield>
    <subfield code="q">(Ky&#x14D;hei),</subfield>
    <subfield code="d">1929-</subfield>
    <subfield code="9">33183</subfield>
  </datafield>
  <datafield tag="245" ind1="1" ind2="0">
    <subfield code="a">Modern small antennas /</subfield>
    <subfield code="c">Kyohei Fujimoto, Hisashi Morishita.</subfield>
  </datafield>
  <datafield tag="260" ind1=" " ind2=" ">
    <subfield code="a">Cambridge, United Kingdom ;</subfield>
    <subfield code="a">New York, United States :</subfield>
    <subfield code="b">Cambridge University Press,</subfield>
    <subfield code="c">2013.</subfield>
  </datafield>
  <datafield tag="300" ind1=" " ind2=" ">
    <subfield code="a">xv, 473 p. :</subfield>
    <subfield code="b">ill. ;</subfield>
    <subfield code="c">26 cm.</subfield>
  </datafield>
  <datafield tag="500" ind1=" " ind2=" ">
    <subfield code="a">Index : p. 459-473.
</subfield>
  </datafield>
  <datafield tag="500" ind1=" " ind2=" ">
    <subfield code="a">Includes glossary.</subfield>
  </datafield>
  <datafield tag="504" ind1=" " ind2=" ">
    <subfield code="a">Includes bibliographical references.</subfield>
  </datafield>
  <datafield tag="505" ind1="8" ind2=" ">
    <subfield code="a">Machine generated contents note : 1. Introduction ; 2. Fundamentals of small antennas ; 3. Properties of small antennas ; 4. Fundamental limitations ; 5. Subjects related to small antennas ; 6. Principles and techniques for making small antennas ; 7. Design of small antennas ; 8. Practical small antennas ; 9. Evaluation of small antenna performance ; 10. Electromagnetic simulation.</subfield>
  </datafield>
  <datafield tag="520" ind1=" " ind2=" ">
    <subfield code="a">"If you are involved in designing and developing small antennas, this complete, cutting-edge guide covers everything you need to know. From fundamentals and basic theory to design optimization, evaluation, measurements and simulation techniques, all the essential information is included. You will also get many practical examples from a range of wireless systems, whilst a glossary is provided to bring you up to speed on the latest terminology. A wide variety of small antennas is covered, and design and practice steps are described for each type: electrically small, functionally small, physically constrained small and physically small. Whether you are a professional in industry, a researcher, or a graduate student, this is your essential guide to small antennas"-</subfield>
  </datafield>
  <datafield tag="650" ind1=" " ind2="0">
    <subfield code="a">Antennas (Electronics)</subfield>
    <subfield code="9">8918</subfield>
  </datafield>
  <datafield tag="650" ind1=" " ind2="0">
    <subfield code="a">Miniature electronic equipment </subfield>
    <subfield code="9">31428</subfield>
  </datafield>
  <datafield tag="653" ind1=" " ind2=" ">
    <subfield code="b">ENGELC</subfield>
    <subfield code="c">December2014</subfield>
  </datafield>
  <datafield tag="655" ind1=" " ind2=" ">
    <subfield code="v">reading book</subfield>
    <subfield code="9">34232</subfield>
  </datafield>
  <datafield tag="700" ind1="1" ind2=" ">
    <subfield code="a">Morishita, Hisashi</subfield>
    <subfield code="9">36985</subfield>
  </datafield>
  <datafield tag="942" ind1=" " ind2=" ">
    <subfield code="2">ddc</subfield>
    <subfield code="k">621.3824 FUJ</subfield>
  </datafield>
  <datafield tag="999" ind1=" " ind2=" ">
    <subfield code="c">18798</subfield>
    <subfield code="d">18770</subfield>
  </datafield>
  <datafield tag="952" ind1=" " ind2=" ">
    <subfield code="0">0</subfield>
    <subfield code="1">0</subfield>
    <subfield code="2">ddc</subfield>
    <subfield code="4">0</subfield>
    <subfield code="7">0</subfield>
    <subfield code="8">Baccah</subfield>
    <subfield code="a">MAIN</subfield>
    <subfield code="b">MAIN</subfield>
    <subfield code="c">1ST</subfield>
    <subfield code="d">2014-12-18</subfield>
    <subfield code="e">purchase</subfield>
    <subfield code="g">735.00</subfield>
    <subfield code="h">21291</subfield>
    <subfield code="l">0</subfield>
    <subfield code="o">621.3824 FUJ</subfield>
    <subfield code="p">000037215</subfield>
    <subfield code="r">2025-07-15 00:00:00</subfield>
    <subfield code="v">919.00</subfield>
    <subfield code="y">BB</subfield>
  </datafield>
</record>
